Szemantikus szerepek vizsgálata magyar nyelvű szövegek narratív pszichológiai elemzésében

A narratív pszichológiai tartalomelemzés és a korpusznyelvészet több éve folytatott közös projektje a szemantikus szerepek és a narratív pszichológiai modulok összekapcsolása egyének és csoportok énelbeszéléseinek elemzéséhez. A két munkacsoport korábbi együttes fejlesztései a szemantikus szerepek f...

Teljes leírás

Elmentve itt :
Bibliográfiai részletek
Szerzők: Ehmann Bea
Lendvai Piroska
Fritz Adorján
Miháltz Márton
Tihanyi László
Testületi szerző: Magyar Számítógépes Nyelvészeti Konferencia (8.) (2011) (Szeged)
Dokumentumtípus: Könyv része
Megjelent: 2011
Sorozat:Magyar Számítógépes Nyelvészeti Konferencia 8
Kulcsszavak:Nyelvészet - számítógép alkalmazása
Online Access:http://acta.bibl.u-szeged.hu/58804
LEADER 01829naa a2200253 i 4500
001 acta58804
005 20260224081030.0
008 190624s2011 hu o 100 hun d
020 |a 978-963-306-121-3 
040 |a SZTE Egyetemi Kiadványok Repozitórium  |b hun 
041 |a hun 
100 1 |a Ehmann Bea 
245 1 0 |a Szemantikus szerepek vizsgálata magyar nyelvű szövegek narratív pszichológiai elemzésében  |h [elektronikus dokumentum] /  |c  Ehmann Bea 
260 |c 2011 
300 |a 223-230 
490 0 |a Magyar Számítógépes Nyelvészeti Konferencia  |v 8 
520 3 |a A narratív pszichológiai tartalomelemzés és a korpusznyelvészet több éve folytatott közös projektje a szemantikus szerepek és a narratív pszichológiai modulok összekapcsolása egyének és csoportok énelbeszéléseinek elemzéséhez. A két munkacsoport korábbi együttes fejlesztései a szemantikus szerepek felismerését úgy oldották meg, hogy a MetaMorpho nyelvi elemzés morfoszintaktikai és szemantikai kimenetét összekapcsolták a NooJ eszköz procedúráival. A jelen munka célja, hogy a korábbi törekvések továbbfejlesztésével magyar nyelv szövegekben felismerhet váljon az ágencia, és ennek nyelvi kifejez elemeihez automatikusan hozzárendelhetek legyenek az Ingroup/Outgroup pszichoszemantikai kategóriák. Ekképp a tudományos narratív pszichológia a semantic role labeling nyelvészeti terület új alkalmazójaként jelenik meg. 
695 |a Nyelvészet - számítógép alkalmazása 
700 0 1 |a Lendvai Piroska  |e aut 
700 0 1 |a Fritz Adorján  |e aut 
700 0 1 |a Miháltz Márton  |e aut 
700 0 1 |a Tihanyi László  |e aut 
710 |a Magyar Számítógépes Nyelvészeti Konferencia (8.) (2011) (Szeged) 
856 4 0 |u http://acta.bibl.u-szeged.hu/58804/1/msznykonf_008_223-230.pdf  |z Dokumentum-elérés